Richest Subdivisions by GDP With Exceptions - Statistics

General Stats
  • This quiz has been taken 43 times
  • The average score is 16 of 24
Answer Stats
GDP Country Subdivision % Correct
$1.027T Japan Tokyo
100%
$848B Germany Bavaria
97%
$803B Canada Ontario
94%
$606B Brazil São Paulo
91%
$389B South Korea Seoul
91%
$524B Australia New South Wales
88%
$362B Japan Osaka
82%
$427B Canada Quebec
82%
$387B Russia Moscow
79%
$343B Australia Queensland
79%
$824B France Île-de-France
76%
$463B Italy Lombardy
76%
$386B Australia Victoria
76%
$906B Germany North Rhine-Westphalia
71%
$582 India Maharashtra
59%
$309B India Uttar Pradesh
59%
$379B Germany Hesse
53%
$357B Germany Lower Saxony
47%
$420B India Tamil Nadu
41%
$664B Germany Baden-Württemburg
38%
$321B Japan Kanagawa
29%
$364B Japan Aichi
24%
$438B South Korea Gyeonggi-do
21%
$460B Saudi Arabia Eastern Province
18%
No matching quizzes found
Score Distribution
Percent of People with Each Score
Percentile by Number Answered
Your Score History
You have not taken this quiz